000 01338nam a2200229Ia 4500
999 _c51913
_d51913
001 18913
003 GE_BSU
005 20220920162108.0
008 181216s2008||||ge |||||||||||||| ||geo||
040 _cGE_BSU
041 _ageo
080 _a 63 ბ-83
100 _aბოლქვაძე, მ.
_910514
245 _aვიტამინშემცვლელი მცენარეული დანამატით ჩაის პროდუქტების წარმოების ტექნოლოგია : დისერტაცია /
_cმ. ბოლქვაძე; ბათუმის შოთა რუსთაველის სახელმწიფო უნივერსიტეტი.
264 _aბათუმი,
_b
_c2008.
300 _a125 გვ.;
_b30 სმ.
653 _aდისერტაცია
653 _aვიტამინშემცვლელი მცენარეული დანამატით ჩაის პროდუქტების წარმოების ტექნოლოგია
653 _aსოფლის მეურნეობა
710 _aბათუმის შოთა რუსთაველის სახელმწიფო უნივერსიტეტი
_911868
942 _cBK
_2udc